Breve historia moderna de China

Sparad:
Bibliografiska uppgifter
Materialtyp: Bok
Språk:spanska
Publicerad: Beijing Lenguas Extranjeras 1980
Ämnen:
Taggar: Lägg till en tagg
Inga taggar, Lägg till första taggen!

MARC

LEADER 00000nam a2200000 a 4500
001 UCZ8002
003 CL-VaPUC
008 960112e19800000CH |||||||||||||||||spa|d
082 0 4 |a 951  |b BRE  |2 21 
245 1 0 |a Breve historia moderna de China 
300 |a 469 p 
942 |c BK 
945 |d 19960112 00:00:00  |a cmena 
260 |a Beijing  |b Lenguas Extranjeras  |c 1980 
650 7 |a HISTORIA 1840-1919  |2 CL-VaPUC  |9 353069 
650 0 |a Historia moderna  |9 268036 
650 0 |a Ideologías  |9 255200 
650 0 |a Política  |9 255312 
650 0 |a Doctrinas políticas  |9 255835 
651 0 |a China   |9 257545 
583 |a last modification  |c 19960112 00:00:00  |k Rodrigo Vera 
999 |c 243971  |d 243969 
952 |0 0  |1 0  |4 0  |6 951_000000000000000_BRE_1980  |7 0  |8 A  |9 257862  |a BIBGIM  |b BIBGIM  |d 2019-11-19  |i 1615653  |o 951 BRE 1980  |p 1615653  |r 2025-01-15  |w 2019-11-19  |y BK  |k ORI